Missing Word: Elton John Songs Quiz Stats

 Plays Quiz Updated Mar 11, 2016

Challenge
Share
Tweet
Embed
Score 0/20 Timer 02:00
0 Plays Today
Elton John Song Missing Word % Correct
Goodbye Yellow ___ RoadBrick
96.6%
Can You Feel the Love ___Tonight
94.9%
Don't Go ___ My HeartBreaking
91.5%
Bennie and the ___Jets
88.2%
I Guess That's Why They Call It the ___Blues
83.4%
Tiny ___Dancer
83.2%
___ in the WindCandle
82.4%
Someone Saved My ___ TonightLife
80.8%
Pinball ___Wizard
77.6%
___ Night's Alright for FightingSaturday
70%
Elton John Song Missing Word % Correct
___ RockCrocodile
69.9%
___ Seems to Be the Hardest WordSorry
67.6%
___ ManRocket
67.3%
Your ___Song
61.7%
___ Songs (Say So Much)Sad
60%
The ___ Is BackBitch
59.6%
I'm Still ___Standing
55.9%
___ FreedomPhiladelphia
46.6%
Little ___Jeannie
17.4%
___ Garden (Hey Hey Johnny)Empty
11%

Today's Daily Dose

You're not logged in!

Compare scores with friends on all Sporcle quizzes.
Join for Free
OR
Log In

You Might Also Like...

Show Comments

Extras

Top Quizzes Today


Score Distribution

Your Account Isn't Verified!

In order to create a playlist on Sporcle, you need to verify the email address you used during registration. Go to your Sporcle Settings to finish the process.

Report this User

Report this user for behavior that violates our Community Guidelines.

Details: